000 00262nam a22001097a 4500
008 170118b xxu||||| |||| 00| 0 eng d
020 _a9780323083768
041 _aeng
080 _a618.2
245 _aCONCEPTS FOR NURSING PRACTICE
_cGIDDENS, J.F
942 _2udc
_cBK
999 _c3071
_d3071